El proceso estratégico: conceptos, contextos y casos

Guardado en:
Bibliografiske detaljer
Hovedforfatter: Mintzberg, Henry
Andre forfattere: Brian Quinn, James, Voyer, John
Format: Bog
Udgivet: México : Prentice Hall Hispanoamericana 1997
Udgivelse:1. edición breve
Fag:
Tags: Tilføj Tag
Ingen Tags, Vær først til at tagge denne postø!

MARC

LEADER 00000nam a2200000Ia 4500
003 000873
005 20221231144024.0
008 140114s1997 mx a 000 ||s d
040 |c cru CEDI 
082 |a 658.401.2 M677p 
100 |a Mintzberg, Henry  |9 18629 
245 |a El proceso estratégico: conceptos, contextos y casos  
250 |a 1. edición breve 
260 |a  México : Prentice Hall Hispanoamericana  |c 1997 
300 |a xxiv, 641 páginas : ilustraciones  
500 |a  Traducción de: The strategy process, Collegiate ed. 
650 |x PLANIFICACION ESTRATEGICA  |9 18632 
700 |9 18630  |a Brian Quinn, James 
700 |9 18631  |a Voyer, John 
942 |c BK 
999 |c 15727  |d 15727